[Event "Olympiad Women-44"]
[Site "Chennai"]
[Date "2022.07.31"]
[Round "3.3"]
[White "Lampard, Alice"]
[Black "Terubea, Cydel"]
[Result "1-0"]
[WhiteElo "1729"]
[BlackElo "1450"]
[PlyCount "91"]
[EventDate "2022.07.29"]
[EventType "team-swiss"]
[EventRounds "11"]
[EventCountry "IND"]
[SourceTitle "CBM 210"]
[Source "ChessBase"]
[SourceDate "2022.10.31"]
[SourceVersion "1"]
[SourceVersionDate "2022.10.31"]
[SourceQuality "1"]
[WhiteTeam "Scotland (W)"]
[BlackTeam "Fiji (W)"]
[WhiteTeamCountry "SCO"]
[BlackTeamCountry "FIJ"]

1. e4 d5 2. exd5 Qxd5 3. Nc3 Qd8 4. Bc4 e6 5. Nf3 Nf6 6. d3 Bb4 7. 0-0 Bxc3 8. bxc3 0-0 9. Re1 Nc6 10. Bg5 Qd6 11. Bxf6 gxf6 12. Nd2 Kh8 13. Re3 Rg8 14. Qh5 Rg7 15. d4 Bd7 16. Bd3 e5 17. Rg3 Rag8 18. Ne4 Qe7 19. d5 Nd8 20. Qh4 Bf5 21. Qxf6 Qxf6 22. Nxf6 Rxg3 23. hxg3 Rg6 24. Bxf5 Rxf6 25. g4 Rb6 26. Re1 f6 27. g5 Kg7 28. g4 h6 29. g6 Rb2 30. f4 b6 31. fxe5 fxe5 32. Rxe5 Rxa2 33. Re8 Nb7 34. Re7+ Kf6 35. Rf7+ Kg5 36. g7 Kh4 37. g8Q Kg3 38. Kf1 Ra1+ 39. Ke2 Nd6 40. Re7 a5 41. Re3+ Kg2 42. Be4+ Nxe4 43. Rxe4 Rf1 44. g5 Rf2+ 45. Kd3 Rf3+ 46. Re3 1-0

[Event "Olympiad Women-44"]
[Site "Chennai"]
[Date "2022.07.29"]
[Round "1.3"]
[White "Cramling Bellon, Anna"]
[Black "Terubea, Cydel"]
[Result "1-0"]
[WhiteElo "2065"]
[BlackElo "1450"]
[PlyCount "83"]
[EventDate "2022.07.29"]
[EventType "team-swiss"]
[EventRounds "11"]
[EventCountry "IND"]
[SourceTitle "CBM 210"]
[Source "ChessBase"]
[SourceDate "2022.10.31"]
[SourceVersion "1"]
[SourceVersionDate "2022.10.31"]
[SourceQuality "1"]
[WhiteTeam "Sweden (W)"]
[BlackTeam "Fiji (W)"]
[WhiteTeamCountry "SWE"]
[BlackTeamCountry "FIJ"]

1. d4 d5 2. c4 e6 3. Nc3 Nf6 4. cxd5 exd5 5. Bg5 Be7 6. e3 0-0 7. Bd3 h6 8. Bf4 a6 9. h3 c5 10. dxc5 Bxc5 11. Nf3 Nc6 12. 0-0 Re8 13. Rc1 Ba7 14. Ne2 Nb4 15. Bb1 Nc6 16. Ned4 Bd7 17. a3 Nh5 18. Bh2 Bb8 19. Bxb8 Rxb8 20. Nxc6 bxc6 21. b4 a5 22. Nd4 Nf6 23. bxa5 Qxa5 24. Bf5 c5 25. Bxd7 cxd4 26. Bxe8 Rxe8 27. Qxd4 Qxa3 28. Rc3 Qa2 29. Rfc1 Ne4 30. R3c2 Qa5 31. f3 Ng3 32. Qg4 Rxe3 33. Qxg3 Qb6 34. Qf2 d4 35. Rd2 Qa6 36. Rxd4 Re2 37. Qf1 Qa2 38. Re4 Qa7+ 39. Kh1 Rf2 40. Re8+ Kh7 41. Qd3+ g6 42. Qc3 1-0

[Event "Olympiad Women-42"]
[Site "Baku"]
[Date "2016.09.09"]
[Round "7.3"]
[White "Terubea, Cydel"]
[Black "Faqeeh, Aseel"]
[Result "0-1"]
[WhiteElo "1363"]
[BlackElo "1488"]
[PlyCount "76"]
[EventDate "2016.09.02"]
[EventType "team-swiss"]
[EventRounds "11"]
[EventCountry "AZE"]
[SourceTitle "CBM 174 Extra"]
[Source "ChessBase"]
[SourceDate "2016.10.10"]
[SourceVersion "1"]
[SourceVersionDate "2016.10.10"]
[SourceQuality "1"]
[WhiteTeam "Fiji (W)"]
[BlackTeam "Palestine (W)"]
[WhiteTeamCountry "FIJ"]
[BlackTeamCountry "PLE"]

1. e4 e6 2. d4 d5 3. exd5 exd5 4. Qe2+ Be6 5. Nc3 c6 6. g3 Be7 7. Bg2 Nf6 8. Bd2 Qb6 9. 0-0-0 Qxd4 10. Bh6 Qg4 11. Qxg4 Nxg4 12. Bxg7 Rg8 13. Bd4 Nd7 14. f3 Nge5 15. Re1 Bd6 16. Bf2 a6 17. Nh3 0-0-0 18. f4 Nc4 19. Ng5 Rde8 20. Nxe6 fxe6 21. Bh3 e5 22. fxe5 Ncxe5 23. Bg2 Rg7 24. h3 Rge7 25. b3 Nc5 26. Nd1 Nxb3+ 27. cxb3 Nd3+ 28. Kd2 Nxe1 29. Rxe1 Bb4+ 30. Nc3 d4 31. Rxe7 dxc3+ 32. Kc2 Rxe7 33. Bf1 Rf7 34. Bd3 Rxf2+ 35. Kb1 Rf3 36. Bxh7 Rxg3 37. Kc2 Rg2+ 38. Kb1 Ba3 0-1

[Event "Fiji op 2nd"]
[Site "Suva"]
[Date "2016.08.16"]
[Round "5"]
[White "Braganza, Nadia"]
[Black "Terubea, Cydel"]
[Result "1-0"]
[WhiteElo "1342"]
[BlackElo "1397"]
[PlyCount "140"]
[EventDate "2016.08.14"]
[EventType "swiss"]
[EventRounds "7"]
[EventCountry "FIJ"]
[SourceTitle "CBM 174 Extra"]
[Source "ChessBase"]
[SourceDate "2016.10.10"]
[SourceVersion "1"]
[SourceVersionDate "2016.10.10"]
[SourceQuality "1"]

1. e4 e5 2. Nf3 Nc6 3. Bc4 Nd4 4. Nxd4 exd4 5. 0-0 g6 6. Re1 Bg7 7. c3 Nh6 8. d3 dxc3 9. Nxc3 c6 10. Qf3 0-0 11. Bf4 Qf6 12. e5 Qe7 13. Ne4 Nf5 14. Bg5 Qb4 15. Nf6+ Bxf6 16. exf6 d5 17. Bb3 Be6 18. h3 Qd6 19. Bf4 Qb4 20. g4 Nd4 21. Qg3 Rac8 22. Kg2 Kh8 23. Bh6 Rfe8 24. Qh4 Qd6 25. Bg7+ Kg8 26. Qh6 Qb4 27. a3 Qd6 28. Bh8 Qf8 29. Bg7 Qd6 30. Bd1 a6 31. Rh1 Bf5 32. gxf5 Nxf5 33. Qg5 Re5 34. Qf4 Rce8 35. d4 Re1 36. Qxd6 Nxd6 37. Bf3 R1e6 38. Rad1 h5 39. h4 Nc4 40. Rd3 b5 41. b4 Re1 42. Rxe1 Rxe1 43. Bh6 Re6 44. Bg5 Nb2 45. Re3 Rxe3 46. Bxe3 Nc4 47. Bc1 Nd6 48. Be2 Nf5 49. Be3 Nd6 50. Bd3 Ne8 51. Bg5 Nd6 52. Kf3 Kf8 53. Kf4 Ke8 54. Ke5 Kd7 55. f3 Ne8 56. f4 Nd6 57. f5 Nxf5 58. Bxf5+ gxf5 59. Kxf5 Kd6 60. Bf4+ Kd7 61. Kg5 Ke8 62. Kxh5 Kf8 63. Kg5 Kg8 64. Kh6 Kh8 65. Bd6 Kg8 66. h5 Kh8 67. Kg5 Kh7 68. h6 Kg8 69. Bf8 Kh7 70. Kf5 Kg8 1-0

[Event "Fiji op 2nd"]
[Site "Suva"]
[Date "2016.08.16"]
[Round "6"]
[White "Terubea, Cydel"]
[Black "Prasad, Tanvi"]
[Result "0-1"]
[WhiteElo "1397"]
[BlackElo "1312"]
[PlyCount "64"]
[EventDate "2016.08.14"]
[EventType "swiss"]
[EventRounds "7"]
[EventCountry "FIJ"]
[SourceTitle "CBM 174 Extra"]
[Source "ChessBase"]
[SourceDate "2016.10.10"]
[SourceVersion "1"]
[SourceVersionDate "2016.10.10"]
[SourceQuality "1"]

1. e4 e5 2. Nf3 Nc6 3. d4 exd4 4. Nxd4 Nf6 5. Nxc6 bxc6 6. Nc3 d5 7. f3 g6 8. Be3 Bg7 9. Qd2 0-0 10. 0-0-0 Be6 11. Bg5 Qd7 12. Bxf6 Bxf6 13. exd5 Bxc3 14. Qxc3 cxd5 15. Qc5 c6 16. c4 Rfd8 17. cxd5 cxd5 18. Kb1 Rac8 19. Qd4 Rc7 20. Be2 Rdc8 21. Rc1 Rc6 22. Rxc6 Rxc6 23. Bb5 Bf5+ 24. Ka1 Qd6 25. Bxc6 Qxc6 26. Qc3 Qa6 27. Re1 f6 28. Re8+ Kf7 29. Re1 Be6 30. Qc7+ Kf8 31. Qxh7 d4 32. Qxg6 Qxa2# 0-1